000 00487nam a22001697a 4500
003 OSt
008 260425b |||||||| |||| 00| 0 eng d
082 _a634.725
_bA28E
100 _aAlam, Md. Izhar
245 _aEffect of Nitrogen, Givverellic Acid and Ethrel on Growth, Yield and Quality of Cape-Gooseberry (Physalis Peruviana L.)
260 _aPusa, Samastipur
_bRAU
_c2004
300 _a46P.
502 _bMsc.
_d2004
650 _aHorticulture
650 _aMsc.
942 _2ddc
_cT
999 _c50185
_d50185